| 000 | 00798nam a22002177a 4500 | ||
|---|---|---|---|
| 999 |
_c11163 _d11163 |
||
| 003 | AR-CdUCM | ||
| 008 | 190403b ||||| |||| 00| 0 spa d | ||
| 040 |
_aMUNICIPALIDAD PROVINCIAL DEL CUSCO _cBIBLIOTECA MUNICIPAL DEL CUSCO |
||
| 082 |
_a341 / _bC26 / 1888 |
||
| 100 |
_aCarnevale, Manuel _928376 |
||
| 245 | _aCritica penal estudio de filosofía jurídica / | ||
| 260 |
_aMadrid : _bAvrial, _c1888. |
||
| 300 |
_a243 páginas ; _c21 cm. |
||
| 440 |
_aBiblioteca de jurisprudencia, filosofía e historia _928377 |
||
| 505 | _aContenido : Prologo -- Introducción -- El derecho -- La pena en el derecho -- Noción de la pena -- Función de la pena ... | ||
| 650 |
_aCritica penal _928378 |
||
| 650 |
_aFilosofía _9395 |
||
| 650 |
_aJurídica _922814 |
||
| 942 |
_2ddc _cLIBROS |
||
| 945 | _arah | ||